Ματωμένος γάμος : τραγωδία σε τρεις πράξεις και εφτά εικόνες (1933)
Αποθηκεύτηκε σε:
| Κύριος συγγραφέας: | |
|---|---|
| Μορφή: | Βιβλίο |
| Γλώσσα: | Greek |
| Δημοσίευση: |
Αθήνα :
Ηράκλειτος,
1988
|
| Θέματα: | |
| Ετικέτες: |
Προσθήκη ετικέτας
Δεν υπάρχουν, Καταχωρήστε ετικέτα πρώτοι!
|
MARC
| LEADER | 00000nam a2200000 i 4500 | ||
|---|---|---|---|
| 001 | 1/87858 | ||
| 008 | 931209s1988 gre d | ||
| 035 | |a 1989 |b 2 |c Δωρεά |l 10035351 | ||
| 040 | |a GR-MY-UA |b gre |e aacr | ||
| 041 | 0 | |a gre | |
| 082 | 0 | |a 862.62 | |
| 100 | 1 | |a Garcia Lorca, Federico, |d 1898-1936. | |
| 245 | 1 | 0 | |a Ματωμένος γάμος : |b τραγωδία σε τρεις πράξεις και εφτά εικόνες (1933) / |c Φεδερίκο Γαρθία Λόρκα ; πρόλογος-μετάφραση από τα Ισπανικά Δανάης Στρατηγοπούλου |
| 260 | |a Αθήνα : |b Ηράκλειτος, |c 1988 | ||
| 300 | |a 124 σ. | ||
| 650 | 0 | 0 | |a Spanish drama |y 20th century. |
| 852 | |a INST |b RHODES |e 19931209 |h 862.62 GAR |p 005400007830 |q 005400007830 |t BK |y 0 | ||
| 909 | |a Ρ |b 014614 |c 1989 | ||